States With the Most MLB Players - Statistics

General Stats
  • This quiz has been taken 38 times
  • The average score is 9 of 10
Answer Stats
# State % Correct
2,268 California
100%
1,311 Florida
100%
345 New York
100%
539 Georgia
97%
1,187 Texas
97%
403 Illinois
90%
266 Ohio
83%
351 North Carolina
80%
154 Michigan
77%
294 Pennsylvania
73%
No matching quizzes found
Score Distribution
Percent of People with Each Score
Percentile by Number Answered
Your Score History
You have not taken this quiz